When He Sees Me - Kimiko Glenn (All Lyrics) - Statistics

General Stats
  • This quiz has been taken 31 times
  • The average score is 344 of 411
Answer Stats
Answer % Correct
a
100%
A
100%
an
100%
and
100%
And
100%
can
100%
He
100%
he
100%
I
100%
know
100%
like
100%
Like
100%
the
100%
then?
100%
When
100%
when
100%
can't
96%
close
96%
do
96%
don't
96%
if
96%
If
96%
it?
96%
it
96%
knows
96%
me
96%
or
96%
Or
96%
sees
96%
what?
96%
what
96%
What
96%
with
96%
With
96%
be
91%
But
91%
but
91%
door
91%
facts
91%
feel
91%
figures
91%
happens
91%
him
91%
open
91%
real
91%
stick
91%
things
91%
up
91%
Before
87%
before
87%
could
87%
doesn't
87%
for
87%
I'm
87%
Is
87%
is
87%
Oh
87%
on
87%
opens
87%
that
87%
that?)
87%
that?
87%
to
87%
Usually
87%
way
87%
cookie
83%
cream
83%
eat
83%
from
83%
game
83%
games
83%
Guess
83%
guessing
83%
hide
83%
How
83%
(how
83%
in
83%
most
83%
Most
83%
my
83%
My
83%
Oreos
83%
other
83%
scares
83%
want
83%
where
83%
who
83%
Who
83%
being
78%
colorblind!
78%
eyes
78%
girls
78%
God
78%
have
78%
he's
78%
his
78%
I've
78%
live
78%
might
78%
not
78%
talk
78%
they
78%
This
78%
too
78%
you
78%
You
78%
am
74%
away
74%
back?
74%
best
74%
by
74%
cautious
74%
Come
74%
couldn't
74%
criminal
74%
date?
74%
defensive!
74%
disappointed?
74%
find
74%
fine
74%
first
74%
get
74%
give
74%
inside
74%
just
74%
lovely
74%
make
74%
mind
74%
myself
74%
name
74%
nice
74%
of
74%
only
74%
runs
74%
sit
74%
So
74%
Some
74%
some
74%
unexpected
74%
very
74%
view
74%
waiter
74%
your
74%
about
70%
ask
70%
call
70%
decided
70%
fast
70%
given
70%
hiding
70%
institution
70%
its
70%
laugh
70%
out
70%
questions
70%
risk
70%
shell-shaped
70%
simply
70%
stranger
70%
worse
70%
you're
70%
around
65%
comes
65%
dating
65%
end
65%
escaped
65%
feelings
65%
heart
65%
holds
65%
kind
65%
less
65%
life
65%
line
65%
little
65%
made
65%
masterminded
65%
minimize
65%
miscalculating
65%
miserable
65%
movies
65%
operate
65%
place
65%
psychopath
65%
seen
65%
sharing
65%
somewhere
65%
sort
65%
stands
65%
suitor
65%
supposed
65%
television
65%
think
65%
tossed
65%
untrustworthy
65%
wife!
65%
again
61%
cannot
61%
careful
61%
due
61%
even
61%
fate?
61%
information's
61%
motion
61%
reckless
61%
set
61%
Sorry
61%
than
61%
wants
61%
why
61%
certain
57%
"Dawn
57%
mean
57%
scared
57%
breaking
52%
hoping
52%
likes
52%
prepared
52%
someone
52%
Someone
52%
tad"
52%
help
48%
still
48%
maybe
39%
No matching quizzes found
Score Distribution
Percent of People with Each Score
Percentile by Number Answered
Your Score History
You have not taken this quiz